000 00754nam a22002297a 4500
999 _c14569
_d14569
003 AR-CdUCM
008 190423b ||||| |||| 00| 0 spa d
020 _a978-1-4748-5919-6
040 _aMUNICIPALIDAD PROVINCIAL DEL CUSCO
_cBIBLIOTECA MUNICIPAL DEL CUSCO
082 _aPI / 376.1 /
_bP26
110 _aParragon Inc.
_933395
245 _aSuperman :
_bPasatiempos heroicos /
260 _aNew Your :
_bDC Comics,
_c2017.
300 _a47 páginas ;
_bilustraciones,
_c27 cm.
500 _aTexto contiene adornos para lápiz.
650 _aAprendizaje infantil
_933271
650 _aPasatiempos
_930145
650 _aJuegos infantiles
_99905
710 _aWarner Bros Entertainment Inc.
_933396
942 _2ddc
_cLIBROS
945 _aachl
_d2019-04-23